=LDR 00000nam 2200000 4500 =001 INLIS00000000000016 =005 20260702043538 =020 ##$$a 978-623-5690-45-2 =082 ##$$a 629.895 =100 1#$$a Dr. Agfianto Eko Putra, M.Si. & Dr. Andi Dharmawan, M.Cs. =245 1 $$a Belajar Mudah Pemrograman Plc Allen Bradley Rslogic Menggunakan Logixpro /$c Dr. Agfianto Eko Putra, M.Si. & Dr. Andi Dharmawan, M.Cs. =300 ##$$a xii + 138 ; 16 x 23 cm